| 000 | 00942nam a22003017a 4500 | ||
|---|---|---|---|
| 003 | CHAP | ||
| 005 | 20220329135839.0 | ||
| 008 | 971013s1976 r 00010 d | ||
| 010 | _a43223 | ||
| 011 | _a44195 | ||
| 035 | _a48333 | ||
| 040 | _cCHAP | ||
| 082 |
_a350 _bM48 |
||
| 110 |
_aMéxico. Secretaría de la Presidencia _977192 |
||
| 245 |
_aPlaneación en la libertad _b: memoria |
||
| 260 |
_aMéxico, D.F. : _bLa Secretaría, _c1976 |
||
| 300 | _as.p. | ||
| 590 |
_aBATCH-UPD _b10 _c20130110 _lUCH01 _h1808 |
||
| 590 |
_aBATCH-UPD _b10 _c20130410 _lUCH01 _h1143 |
||
| 590 |
_aBATCH-UPD _b10 _c20130914 _lUCH01 _h1825 |
||
| 590 |
_aBATCH-UPD _b10 _c20161124 _lUCH01 _h1710 |
||
| 590 |
_aCONVERSION _b10 _c20130109 _lUCH01 _h1324 |
||
| 650 | 1 | 4 |
_aAdministracion publica. _9934 |
| 651 | 4 |
_aMéxico _xPolítica y gobierno. _976783 |
|
| 901 | _aBK | ||
| 942 | _cLIBRO | ||
| 949 |
_a350 M48 _bBC _cLIBRO _d33724000376877 _eLIBRO _h43167 _i48333 _mD _si |
||
| 999 |
_c43223 _d43223 |
||